• 首页
  • 本馆介绍
  • 公告通知
  • 最新文献
  • 馆藏检索
  • 电子资源
  • 读者导购
  • 参考咨询
  • 我的图书馆
  • 登录
  • 详细信息显示
  • 放入我的书架
  • 预约/预借图书
  • 作者相关作品
  • 分类相关作品
  • 丛书相关作品
  • 出版社相关作品

书目信息

  • 表格格式
  • 工作单格式
  • 卡片格式
题名:
邓恩桉栽培学
    
 
作者: 郭祥泉 著
分册:  
出版信息: 北京   中国林业出版社  2015
页数: 350页
开本: 21cm
丛书名:
单 册:
中图分类: S792.39 , S792
科图分类:
主题词: 桉树属--栽培技术
电子资源:
ISBN: 978-7-5038-8075-9
000 01188nam0 2200253 450
001 2371240029
005 20231129194735.34
010    @a978-7-5038-8075-9@dCNY60.00
090    @aS792@bgxq
096    @aS792@bgxq
100    @a20150928d2015 em y0chiy0120 ea
101 0  @achi
102    @aCN@b110000
105    @aa z 000yy
200 1  @a邓恩桉栽培学@9deng en an zai pei xue@b专著@f郭祥泉著
210    @a北京@c中国林业出版社@d2015
215    @a350页@c图@d21cm
330    @a本书介绍了邓恩桉在世界不同引种区的适应性、栽植现状及研究发展。主要概述了以我国引种栽植区——福建的闽中和闽北(中亚热带中、北部)为研究试验观察点的主要研究成果,包括了邓恩桉在区域引种适应性生长与引种理论,实生大田苗、实生容器苗、扦插苗、组培苗的繁育技术,在栽植区年节律生长与多年生林分生长规律,人工林培育技术与可持续经营的生态丰产经营模式,抗寒-速生优良个体筛选的理论与方法,种子园建设和杂交育种的理论与技术,分子生物学在该树种研究的应用和该树种木材加工技术与应用及其他衍生物的提取与利用,以及邓恩桉生态可持续栽植措施。
606 0  @a桉树属@x栽培技术
690    @aS792.39@v5
690    @aS792@v4
701  0 @a郭祥泉@9guo xiang quan@f(1967 )@4著
801  2 @aCN@b58marc.cn@c20100815
905    @aBZT@dS792@e3
    
    邓恩桉栽培学/郭祥泉著.-北京:中国林业出版社,2015
    350页:图;21cm
    
    
    ISBN 978-7-5038-8075-9:CNY60.00
    本书介绍了邓恩桉在世界不同引种区的适应性、栽植现状及研究发展。主要概述了以我国引种栽植区——福建的闽中和闽北(中亚热带中、北部)为研究试验观察点的主要研究成果,包括了邓恩桉在区域引种适应性生长与引种理论,实生大田苗、实生容器苗、扦插苗、组培苗的繁育技术,在栽植区年节律生长与多年生林分生长规律,人工林培育技术与可持续经营的生态丰产经营模式,抗寒-速生优良个体筛选的理论与方法,种子园建设和杂交育种的理论与技术,分子生物学在该树种研究的应用和该树种木材加工技术与应用及其他衍生物的提取与利用,以及邓恩桉生态可持续栽植措施。
●
相关链接 在五车中查询图书 在当当中查询图书 在豆瓣中查询图书


正题名:邓恩桉栽培学     索取号:S792/3         预约/预借

序号 登录号 条形码 馆藏地/架位号 状态 备注
1 2001166613   2001166613   中教(第二批第二书库)/山东中教(第二批)/2000/ [索取号:S792/3] 在馆    
2 2001166614   2001166614   中教(第二批第二书库)/山东中教(第二批)/2000/ [索取号:S792/3] 在馆    
3 2001166615   2001166615   中教(第二批第二书库)/山东中教(第二批)/2000/ [索取号:S792/3] 在馆    
4 2001166616   2001166616   中教(第二批第二书库)/山东中教(第二批)/2000/ [索取号:S792/3] 在馆    
5 2001166617   2001166617   中教(第二批第二书库)/山东中教(第二批)/2000/ [索取号:S792/3] 在馆    
6 2001166618   2001166618   中教(第二批第二书库)/山东中教(第二批)/2000/ [索取号:S792/3] 在馆    
7 2001166619   2001166619   中教(第二批第二书库)/山东中教(第二批)/2000/ [索取号:S792/3] 在馆    
8 2001166620   2001166620   中教(第二批第二书库)/山东中教(第二批)/2000/ [索取号:S792/3] 在馆    
9 2001166621   2001166621   中教(第二批第二书库)/山东中教(第二批)/2000/ [索取号:S792/3] 在馆    
10 2001166622   2001166622   中教(第二批第二书库)/山东中教(第二批)/2000/ [索取号:S792/3] 在馆    
11 2001166623   2001166623   中教(第二批第二书库)/山东中教(第二批)/2000/ [索取号:S792/3] 在馆    
12 2001166624   2001166624   中教(第二批第二书库)/山东中教(第二批)/2000/ [索取号:S792/3] 在馆    
13 2001166625   2001166625   中教(第二批第二书库)/山东中教(第二批)/2000/ [索取号:S792/3] 在馆    
14 2001166626   2001166626   中教(第二批第二书库)/山东中教(第二批)/2000/ [索取号:S792/3] 在馆    
15 2001166627   2001166627   中教(第二批第二书库)/山东中教(第二批)/2000/ [索取号:S792/3] 在馆    
16 2001166628   2001166628   中教(第二批第二书库)/山东中教(第二批)/2000/ [索取号:S792/3] 在馆    
17 2001166629   2001166629   中教(第二批第二书库)/山东中教(第二批)/2000/ [索取号:S792/3] 在馆    
18 2001166630   2001166630   中教(第二批第二书库)/山东中教(第二批)/2000/ [索取号:S792/3] 在馆    
19 2001166631   2001166631   中教(第二批第二书库)/山东中教(第二批)/2000/ [索取号:S792/3] 在馆    
20 2001166632   2001166632   中教(第二批第二书库)/山东中教(第二批)/2000/ [索取号:S792/3] 在馆    
21 2001166633   2001166633   中教(第二批第二书库)/山东中教(第二批)/2000/ [索取号:S792/3] 在馆    
22 2001166634   2001166634   中教(第二批第二书库)/山东中教(第二批)/2000/ [索取号:S792/3] 在馆    
23 2001166635   2001166635   中教(第二批第二书库)/山东中教(第二批)/2000/ [索取号:S792/3] 在馆    
24 2001166636   2001166636   中教(第二批第二书库)/山东中教(第二批)/2000/ [索取号:S792/3] 在馆    
25 2001166637   2001166637   中教(第二批第二书库)/山东中教(第二批)/2000/ [索取号:S792/3] 在馆    
26 2001166638   2001166638   中教(第二批第二书库)/山东中教(第二批)/2000/ [索取号:S792/3] 在馆    
27 2001166639   2001166639   中教(第二批第二书库)/山东中教(第二批)/2000/ [索取号:S792/3] 在馆    
28 2001166640   2001166640   中教(第二批第二书库)/山东中教(第二批)/2000/ [索取号:S792/3] 在馆    
29 2001166641   2001166641   中教(第二批第二书库)/山东中教(第二批)/2000/ [索取号:S792/3] 在馆    
30 2001166642   2001166642   中教(第二批第二书库)/山东中教(第二批)/2000/ [索取号:S792/3] 在馆    
山东省滨州职业学院图书馆 欢迎您!
大连网信软件有限公司© 版权所有